RICS Commercial Market Survey (Record no. 118807)

MARC details
000 -LEADER
fixed length control field 01262cas a22002535a 4500
001 - CONTROL NUMBER
control field L130596
008 - FIXED-LENGTH DATA ELEMENTS--GENERAL INFORMATION
fixed length control field 050815c1994 xxkqr p 0 a0eng u
022 1# - INTERNATIONAL STANDARD SERIAL NUMBER
International Standard Serial Number 1468-9790
035 ## - SYSTEM CONTROL NUMBER
System control number (Sirsi) u130596
041 0# - LANGUAGE CODE
Language code of text/sound track or separate title eng
110 2# - MAIN ENTRY--CORPORATE NAME
Corporate name or jurisdiction name as entry element Royal Institution of Chartered Surveyors
Subordinate unit Public Affairs
9 (RLIN) 4679
240 1# - UNIFORM TITLE
Uniform title RICS Commercial Market Survey England and Wales
245 00 - TITLE STATEMENT
Title RICS Commercial Market Survey
260 ## - PUBLICATION, DISTRIBUTION, ETC.
Place of publication, distribution, etc. London
Name of publisher, distributor, etc. RICS
Date of publication, distribution, etc. [1994]-
362 0# - DATES OF PUBLICATION AND/OR SEQUENTIAL DESIGNATION
Dates of publication and/or sequential designation London: October/December 1994-
362 0# - DATES OF PUBLICATION AND/OR SEQUENTIAL DESIGNATION
Dates of publication and/or sequential designation Edinburgh: October/December 1996-
520 ## - SUMMARY, ETC.
Summary, etc. Monthly survey of RICS members opinions of the commercial property market. Provides details of reports of demand, confidence, new occupier enquiries, floorspace availability, expected rents, and lease lengths and inducements. Includes tables for the office, industrial and retail sectors by region. Gives a summary of market comments from chartered surveyors.
554 ## -
-- Quarterly.
650 ## - SUBJECT ADDED ENTRY--TOPICAL TERM
Topical term or geographic name entry element RICS COMMERCIAL MARKET SURVEY ENGLAND AND WALES
651 #4 - SUBJECT ADDED ENTRY--GEOGRAPHIC NAME
Geographic name England and Wales
Chronological subdivision 1543-
690 ## - LOCAL SUBJECT ADDED ENTRY--TOPICAL TERM (OCLC, RLIN)
Topical term or geographic name as entry element PROPERTY-COMMERCIAL PROPERTY-COMMERCIAL PROPERTY MARKET
856 ## - ELECTRONIC LOCATION AND ACCESS
Uniform Resource Identifier <a href="https://www.rics.org/RICSWEB/getpage.aspx?p=8yDavpMoiEeXvy53ULlxSA">https://www.rics.org/RICSWEB/getpage.aspx?p=8yDavpMoiEeXvy53ULlxSA</a>
Public note View the item free of charge at www.rics.org...
942 ## - ADDED ENTRY ELEMENTS (KOHA)
Suppress in OPAC 0
Holdings
Withdrawn status Lost status Source of classification or shelving scheme Damaged status Not for loan Home library Current library Shelving location Date acquired Total Checkouts Full call number Barcode Date last seen Price effective from Koha item type Copy number
    Dewey Decimal Classification     London London Gallery 15/08/2005   RICS COMMERICAL MARKET SURVEY 130596-2001 06/08/2019 06/08/2019 Journal  
    Dewey Decimal Classification     London London Basement 06/12/2007   RICS COMMERICAL MARKET SURVEY 130596-2002 06/08/2019 06/08/2019 Journal  
    Dewey Decimal Classification     London London Basement 06/12/2007   RICS COMMERICAL MARKET SURVEY 130596-2003 06/08/2019 06/08/2019 Journal  
    Dewey Decimal Classification     Virtual Virtual Online 15/08/2005   ONLINE PUBLICATION 130596-3001 06/08/2019 06/08/2019 Book 1